Designs on Country Flags? - Sudden Death - Statistics

General Stats
  • This quiz has been taken 10,126 times
  • The average score is 8 of 18
Answers on the Grid
Answers color-coded by a green-red scale on the quiz's grid according to % correct below.
 
Answer Stats
Answer % Correct
Barbados
64%
Pakistan
64%
Qatar
60%
Burkina Faso
58%
Antigua and Barbuda
57%
India
57%
Liechtenstein
53%
Singapore
53%
Lesotho
51%
Namibia
45%
Georgia
42%
Eritrea
36%
Turkmenistan
35%
South Korea
32%
Grenada
22%
Iran
20%
New Zealand
16%
Mongolia
8%
No matching quizzes found
Score Distribution
Percent of People with Each Score
Percentile by Number Answered
Your Score History
You have not taken this quiz